Chefs lieux sans U - Statistiques

Statistiques générales
  • Ce quiz a été pris 15 fois
  • Le résultat moyen est 47 sur 69
Statistiques - réponses
Réponse % Correct
Lyon
100%
Marseille
100%
Montpellier
100%
Nice
100%
Lille
93%
Rennes
93%
Caen
86%
Clermont-Ferrand
86%
Nantes
86%
Nîmes
86%
Paris
86%
Poitiers
86%
Albi
79%
Amiens
79%
Angers
79%
Annecy
79%
La Rochelle
79%
Mont-de-Marsan
79%
Nancy
79%
Orléans
79%
Troyes
79%
Vannes
79%
Arras
71%
Dijon
71%
Gap
71%
Grenoble
71%
Le Mans
71%
Metz
71%
Nevers
71%
Niort
71%
Perpignan
71%
Versailles
71%
Agen
64%
Alençon
64%
Belfort
64%
Besançon
64%
Blois
64%
Carcassonne
64%
Châlons-en-Champagne
64%
Chambéry
64%
Charleville-Mézières
64%
Chartres
64%
Limoges
64%
Saint-Denis
64%
Saint-Étienne
64%
Saint-Lô
64%
Tarbes
64%
Ajaccio
57%
Avignon
57%
Bastia
57%
Foix
57%
Fort-de-France
57%
Laon
57%
Laval
57%
Mâcon
57%
Mende
57%
Nanterre
57%
Privas
57%
Valence
57%
Bobigny
50%
Cahors
50%
Colmar
50%
Créteil
50%
Digne-les-Bains
50%
Rodez
50%
Épinal
43%
Cayenne
36%
Pontoise
36%
Basse-Terre
29%
Aucun quiz correspondant
Distribution des résultats
% des personnes avec chaque résultat
Percentile par nombre de réponses
Votre historique - résultats
Vous n’avez pas pris ce quiz